<?xml version="1.0" encoding="UTF-8"?>
<record
    xmlns:xsi="http://www.w3.org/2001/XMLSchema-instance"
    xsi:schemaLocation="http://www.loc.gov/MARC21/slim http://www.loc.gov/standards/marcxml/schema/MARC21slim.xsd"
    xmlns="http://www.loc.gov/MARC21/slim">

  <leader>02315nab a2200325 i 4500</leader>
  <controlfield tag="003">BR-BrBNA</controlfield>
  <controlfield tag="005">20260407052039.0</controlfield>
  <controlfield tag="008">260407b2019    bl.qr|pooa||| 00| 0 eng |</controlfield>
  <datafield tag="040" ind1=" " ind2=" ">
    <subfield code="a">BR-BrBNA</subfield>
    <subfield code="b">eng</subfield>
  </datafield>
  <datafield tag="072" ind1=" " ind2=" ">
    <subfield code="a">K10</subfield>
    <subfield code="b">3105</subfield>
  </datafield>
  <datafield tag="072" ind1=" " ind2=" ">
    <subfield code="a">P40</subfield>
  </datafield>
  <datafield tag="100" ind1=" " ind2=" ">
    <subfield code="a">Marcon, Amanda Koche </subfield>
  </datafield>
  <datafield tag="100" ind1=" " ind2=" ">
    <subfield code="a">Longhi-Santos, Tomaz</subfield>
  </datafield>
  <datafield tag="100" ind1=" " ind2=" ">
    <subfield code="a">Galv&#xE3;o, Franklin </subfield>
  </datafield>
  <datafield tag="100" ind1=" " ind2=" ">
    <subfield code="a">Martins, Kelly Geronazzo </subfield>
  </datafield>
  <datafield tag="100" ind1=" " ind2=" ">
    <subfield code="a">Botosso, Paulo Cesar </subfield>
  </datafield>
  <datafield tag="100" ind1=" " ind2=" ">
    <subfield code="a">Blum, Christopher Thomas </subfield>
  </datafield>
  <datafield tag="245" ind1=" " ind2=" ">
    <subfield code="a">Climatic Response of Cedrela fissilis Radial Growth in the Ombrophilous Mixed Forest, Paran&#xE1;, Brazil</subfield>
  </datafield>
  <datafield tag="500" ind1=" " ind2=" ">
    <subfield code="a">Publica&#xE7;&#xE3;o on-line; Bibliography p. 9-12 (79 ref.); 3 tables; 5 illus.; Summary (En)</subfield>
  </datafield>
  <datafield tag="520" ind1=" " ind2=" ">
    <subfield code="a">

ABSTRACT

We examined the climatic response of Cedrela fissilis radial growth based on precipitation, air
relative humidity, temperature and monthly thermal amplitude. It was intended to assess how the
secondary growth of C. fissilis is influenced by the climatic variables and which one are the best
growth predictors in Ombrophilous Mixed Forest, southern Brazil. Wood cores were processed
using classical dendrochronology methodology. Principal Components Analysis, Generalized
Linear Models and correlation were used to explore the relationship between radial growth and
climate. Our results indicated that the best radial growth predictor is the temperature: the seasonal
behavior, under well-watered conditions, seems to have a dominant effect on growth responses.
Changes in tree growth corresponding to an increase in temperatures suggest a sensitivity of
the species to climate changes. These results are important to help understand how the global
warming may influence long-lived pioneer tree growth.

Keywords: dendrochronology; climate changes; dendroecology; Araucaria forest.</subfield>
  </datafield>
  <datafield tag="650" ind1=" " ind2=" ">
    <subfield code="a">CEDRELA FISSILIS</subfield>
  </datafield>
  <datafield tag="650" ind1=" " ind2=" ">
    <subfield code="a">DENDROMETRIA</subfield>
  </datafield>
  <datafield tag="650" ind1=" " ind2=" ">
    <subfield code="a">FLORESTA</subfield>
  </datafield>
  <datafield tag="650" ind1=" " ind2=" ">
    <subfield code="a">ARAUC&#xC1;RIA</subfield>
  </datafield>
  <datafield tag="650" ind1=" " ind2=" ">
    <subfield code="a">MUDAN&#xC7;A CLIM&#xC1;TICA</subfield>
  </datafield>
  <datafield tag="773" ind1="0" ind2=" ">
    <subfield code="0">2929</subfield>
    <subfield code="9">347952</subfield>
    <subfield code="d">Rio de Janeiro-RJ Instituto de Florestas - UFRRJ 1994</subfield>
    <subfield code="o">2025-0451</subfield>
    <subfield code="t">Floresta e Ambiente (Brazil)</subfield>
    <subfield code="x">1415-0980  /  ISSN 2179-8087 0nline</subfield>
    <subfield code="g">v. 26(3) p. 1-12; (2019)</subfield>
    <subfield code="w">BR2026000294</subfield>
  </datafield>
  <datafield tag="856" ind1=" " ind2=" ">
    <subfield code="u">https://www.scielo.br/j/floram/a/CB6P7sHqRKwTcB5WpRynrmd/?format=pdf&amp;lang=en</subfield>
  </datafield>
  <datafield tag="942" ind1=" " ind2=" ">
    <subfield code="c">ANA</subfield>
  </datafield>
  <datafield tag="999" ind1=" " ind2=" ">
    <subfield code="c">341257</subfield>
    <subfield code="d">341257</subfield>
  </datafield>
</record>
